Châu Mỹ ngày nay =

Guardat en:
Dades bibliogràfiques
Format: Llibre
Idioma:Undetermined
Publicat: Hà Nội Viện Khoa học xã hội Việt Nam. Viện nghiên cứu Châu Mỹ 2020
Matèries:
Etiquetes: Afegir etiqueta
Sense etiquetes, Sigues el primer a etiquetar aquest registre!
Thư viện lưu trữ: Trung tâm Học liệu Trường Đại học Cần Thơ
LEADER 00619nam a2200181Ia 4500
001 CTU_237643
008 210402s9999 xx 000 0 und d
020 |c 30000 
082 |a 970 
082 |b Ch125 
245 0 |a Châu Mỹ ngày nay = 
245 0 |c Americas today,Viện Khoa học xã hội Việt Nam. Viện nghiên cứu Châu Mỹ 
260 |a Hà Nội 
260 |b Viện Khoa học xã hội Việt Nam. Viện nghiên cứu Châu Mỹ 
260 |c 2020 
650 |a America,Châu Mỹ 
904 |i T.Trang 
980 |a Trung tâm Học liệu Trường Đại học Cần Thơ